effect of ethephon 1.5% 2.0% 2.5% on clone PB 260 at sopheak nika group co.LTD​ ប្រសិទ្ធភាពថ្នាំរំញេចអេតេហ្វូន ១,៥% ២% ២ ,៥% លើក្លុនកៅស៊ូសុភក្កិ នីកា អុីនវេសមែន គ្រុម ខូ អិលធីឌី (Record no. 18111)

000 -LEADER
fixed length control field 00729nam a22001577a 4500
003 - CONTROL NUMBER IDENTIFIER
control field OSt
005 - DATE AND TIME OF LATEST TRANSACTION
control field 20190730145409.0
008 - FIXED-LENGTH DATA ELEMENTS--GENERAL INFORMATION
fixed length control field 190730b xxu||||| |||| 00| 0 eng d
040 ## - CATALOGING SOURCE
Transcribing agency RUA
082 ## - DEWEY DECIMAL CLASSIFICATION NUMBER
Classification number RUB SOK 2017 B643 Or.1
100 ## - MAIN ENTRY--PERSONAL NAME
9 (RLIN) 13783
Personal name SOK THEARA សុខ ធារ៉ា
245 ## - TITLE STATEMENT
Title effect of ethephon 1.5% 2.0% 2.5% on clone PB 260 at sopheak nika group co.LTD​ ប្រសិទ្ធភាពថ្នាំរំញេចអេតេហ្វូន ១,៥% ២% ២ ,៥% លើក្លុនកៅស៊ូសុភក្កិ នីកា អុីនវេសមែន គ្រុម ខូ អិលធីឌី
260 ## - PUBLICATION, DISTRIBUTION, ETC. (IMPRINT)
Place of publication, distribution, etc. RUA
Name of publisher, distributor, etc. Phnom penh
Date of publication, distribution, etc. 2017
300 ## - PHYSICAL DESCRIPTION
Extent x;48p
Other physical details ill;
Dimensions 29cm
942 ## - ADDED ENTRY ELEMENTS (KOHA)
Source of classification or shelving scheme
Koha item type RUB
Holdings
Price effective from Date last seen Permanent Location Not for loan Date acquired Source of classification or shelving scheme Koha item type Lost status Withdrawn status Date last checked out Total Checkouts Shelving location Damaged status Barcode Current Location Full call number
2019-07-302019-07-30Library Block B 2019-07-30 RUB    B643 A41943Library Block BRUB SOK 2017 B643 Or.1
2019-07-302019-07-30Library Block B 2019-07-30 RUB    B643 A42018Library Block BRUB SOK 2017 B643 Or.2
2019-07-302019-07-30Library Block B 2019-07-30 RUB    B643 A42013Library Block BRUB SOK 2017 B643 Or.3
2019-07-302021-12-01Library Block B 2019-07-30 RUB  2021-11-161B643 A41783Library Block BRUB SOK 2017 B643 Or.4
2019-07-302020-12-21Library Block B 2019-07-30 RUB  2020-03-041B643 A41793Library Block BRUB SOK 2017 B643 Or.5
2019-07-302020-03-11Library Block B 2019-07-30 RUB  2020-03-091B643 A41868Library Block BRUB SOK 2017 B643 Or.6
មជ្ឈមណ្ឌលឯការនៃសាកលវិទ្យាល័យភូមិន្ទកសិកម្មចំការដូង

Powered by Koha